Common Elements 3 - Statistics

General Stats
  • This quiz has been taken 22 times
  • The average score is 17 of 20
Answer Stats
Hint Answer % Correct
Rn Radon
100%
K Potassium
93%
Ra Radium
93%
Si Silicon
93%
Na Sodium
93%
Sn Tin
93%
U Uranium
93%
P Phosphorus
86%
Ag Silver
86%
W Tungsten
86%
Xe Xenon
86%
Zn Zinc
86%
Pt Platinum
79%
Rb Rubidium
79%
Sr Strontium
79%
S Sulfur
79%
Ti Titanium
79%
Pd Palladium
71%
Te Tellurium
71%
Tl Thallium
43%
No matching quizzes found
Score Distribution
Percent of People with Each Score
Percentile by Number Answered
Your Score History
You have not taken this quiz